[Event "Junior Online 4NCL Division 2"]
[Site "online"]
[Date "2021.04.01"]
[EventDate "2021.04.01"]
[Round "6.85"]
[White "Stapleton, Dean"]
[WhiteElo "1323"]
[WhiteTeam "Robin Hoods 1"]
[Black "Singh, Aashish"]
[BlackElo "1400"]
[BlackTeam "Leicestershire Juniors 2"]
[Result "0-1"]
[PlyCount "66"]

1. d4 Nf6 2. Bf4 e6 3. Nf3 c5 4. c3 d5 5. e3 Nc6 6. Bd3 Qb6 7. Qc2 c4 8. Be2 Ne7 9. Nbd2 Nf5 10. h3 Bd6 11. Bg5 Be7 12. O-O h6 13. Bh4 Nxh4 14. Nxh4 O-O 15. b3 cxb3 16. Nxb3 Qc7 17. Rfe1 Ne4 18. Bf3 Bxh4 19. Bxe4 dxe4 20. Qxe4 Be7 21. d5 Qxc3 22. dxe6 Bxe6 23. Rac1 Qf6 24. Nd4 Bxa2 25. Nf5 Rfe8 26. Qa4 Qxf5 27. Qxa2 Bh4 28. Rc7 b6 29. Rf1 a5 30. Rb1 Bxf2+ 31. Qxf2 Qxb1+ 32. Kh2 Qg6 33. e4 Qd6+ {[W: 0:08:33; B: 0:04:50]} 0-1

[Event "Junior Online 4NCL Division 2"]
[Site "online"]
[Date "2021.04.01"]
[EventDate "2021.04.01"]
[Round "6.86"]
[White "Masood, Rameen"]
[WhiteElo "1205"]
[WhiteTeam "Leicestershire Juniors 2"]
[Black "Griffin-Young, Sebastian"]
[BlackElo "1361"]
[BlackTeam "Robin Hoods 1"]
[Result "1-0"]
[PlyCount "61"]

1. e4 c5 2. Nf3 d6 3. Bc4 Nc6 4. c3 Nf6 5. Ng5 e6 6. d4 cxd4 7. cxd4 Nb4 8. Qa4+ Nc6 9. d5 exd5 10. exd5 Qe7+ 11. Be3 Ng4 12. dxc6 b6 13. Bxf7+ Kd8 14. c7+ Kxc7 15. Bd5 Nxe3 16. Qc6+ Kd8 17. Nf7+ Qxf7 18. Bxf7 Rb8 19. Qe8+ Kc7 20. Qxe3 Kb7 21. O-O g6 22. Qc3 Bd7 23. Qxh8 Bb5 24. Bd5+ Ka6 25. Rd1 Re8 26. Nc3 Bd7 27. Qd4 b5 28. a4 bxa4 29. Nxa4 Bxa4 30. Rxa4+ Kb5 31. Qb4# {[W: 0:03:43; B: 0:06:18]} 1-0

[Event "Junior Online 4NCL Division 2"]
[Site "online"]
[Date "2021.04.01"]
[EventDate "2021.04.01"]
[Round "6.87"]
[White "Humphreys, Benjamin"]
[WhiteElo "1277"]
[WhiteTeam "Robin Hoods 1"]
[Black "Cimurs, Alexander"]
[BlackElo "1161"]
[BlackTeam "Leicestershire Juniors 2"]
[Result "1-0"]
[PlyCount "55"]

1. d4 d5 2. c4 c6 3. Nc3 Nf6 4. f4 Bf5 5. cxd5 cxd5 6. Nf3 Nc6 7. Ne5 Nxe5 8. fxe5 Nd7 9. Nxd5 e6 10. Nc3 Bb4 11. Bd2 Qc7 12. Rc1 Bxc3 13. Bxc3 Qb6 14. e3 Be4 15. Qg4 Bg6 16. h4 O-O 17. Be2 Bf5 18. Qg3 Nb8 19. h5 h6 20. d5 exd5 21. e6 f6 22. e7 Re8 23. O-O Bh7 24. Bxf6 g5 25. hxg6 Rxe7 26. gxh7+ Kxh7 27. Bd3+ Re4 28. Qg7# {[W: 0:06:32; B: 0:06:33]} 1-0

[Event "Junior Online 4NCL Division 2"]
[Site "online"]
[Date "2021.04.01"]
[EventDate "2021.04.01"]
[Round "6.88"]
[White "Norton, Laurence"]
[WhiteElo "1056"]
[WhiteTeam "Leicestershire Juniors 2"]
[Black "Tomsett, Jonah"]
[BlackElo "1274"]
[BlackTeam "Robin Hoods 1"]
[Result "1-0"]
[PlyCount "65"]

1. e4 e5 2. Bc4 Nf6 3. Nf3 Nxe4 4. Nxe5 Qe7 5. Nxf7 Rg8 6. O-O Nd6 7. Nxd6+ Qxd6 8. Bxg8 Nc6 9. Re1+ Be7 10. Qh5+ g6 11. Qxh7 Qf6 12. d3 d6 13. Nc3 Bf5 14. Nd5 Qg5 15. Qf7+ Kd7 16. Bxg5 Nd4 17. Qxe7+ Kc6 18. Nb4+ Kb5 19. Qf6 Kxb4 20. Qxd4+ Ka5 21. Bd2+ Ka6 22. Bc4+ b5 23. Bxb5+ Kxb5 24. c4+ Ka6 25. b4 Rd8 26. b5+ Kb7 27. Qd5+ c6 28. Qxc6+ Kb8 29. Ba5 Rc8 30. Qxd6+ Ka8 31. Re7 Bxd3 32. Qd5+ Kb8 33. Qb7# {[W: 0:10:07; B: 0:06:03]} 1-0

[Event "Junior Online 4NCL Division 2"]
[Site "online"]
[Date "2021.04.01"]
[EventDate "2021.04.01"]
[Round "6.91"]
[White "Grahame, Austin"]
[WhiteElo "1375"]
[WhiteTeam "Harrow Juniors C"]
[Black "Tathare, Rohan"]
[BlackElo "1338"]
[BlackTeam "Watford Juniors B"]
[Result "1-0"]
[PlyCount "47"]

1. d4 d5 2. c4 Nf6 3. Nc3 g6 4. Bg5 Bg7 5. g3 Bf5 6. Bg2 c6 7. Bxf6 Bxf6 8. cxd5 cxd5 9. Qa4+ Bd7 10. Qb3 e6 11. e3 O-O 12. Qxb7 Nc6 13. Qa6 Be7 14. a3 Qc7 15. Nge2 Bc8 16. Qd3 Bb7 17. O-O Nb8 18. Rfc1 Qd6 19. Nb5 Qb6 20. Nc7 Ba6 21. Qd2 Rc8 22. Nxa8 Rxc1+ 23. Rxc1 Nc6 24. Nxb6 {[W: 0:04:21; B: 0:02:35]} 1-0

[Event "Junior Online 4NCL Division 2"]
[Site "online"]
[Date "2021.04.01"]
[EventDate "2021.04.01"]
[Round "6.92"]
[White "Manouvel, Maelys"]
[WhiteElo "1250"]
[WhiteTeam "Watford Juniors B"]
[Black "Benhamou, Nathan"]
[BlackElo "1345"]
[BlackTeam "Harrow Juniors C"]
[Result "1-0"]
[PlyCount "43"]

1. e4 e5 2. Nf3 Nc6 3. Bb5 Bc5 4. O-O d6 5. h3 Bd7 6. c3 a6 7. Ba4 Nce7 8. d4 exd4 9. cxd4 Bxa4 10. Qxa4+ b5 11. Qb3 Bb6 12. Nc3 Nf6 13. Rd1 Nc6 14. Be3 Na5 15. Qc2 Nc4 16. Bg5 h6 17. Bh4 O-O 18. e5 g5 19. exf6 gxh4 20. Qf5 c6 21. Qg4+ Kh7 22. Qg7# {[W: 0:08:41; B: 0:09:38]} 1-0

[Event "Junior Online 4NCL Division 2"]
[Site "online"]
[Date "2021.04.01"]
[EventDate "2021.04.01"]
[Round "6.93"]
[White "Laza, Andrei"]
[WhiteElo "1248"]
[WhiteTeam "Harrow Juniors C"]
[Black "Demyan, Leo"]
[BlackElo "1178"]
[BlackTeam "Watford Juniors B"]
[Result "1/2-1/2"]
[PlyCount "30"]

1. b3 e5 2. Bb2 Nc6 3. e3 d5 4. Bb5 Bd6 5. f4 f6 6. Nf3 Ne7 7. O-O a6 8. Bxc6+ Nxc6 9. fxe5 fxe5 10. d4 e4 11. Ne5 Bd7 12. Nd2 Qe7 13. Nxd7 Qxd7 14. c4 dxc4 15. Nxc4 O-O-O {[W: 0:03:16; B: 0:06:48]} 1/2-1/2

[Event "Junior Online 4NCL Division 2"]
[Site "online"]
[Date "2021.04.01"]
[EventDate "2021.04.01"]
[Round "6.94"]
[White "Chadha, Ishaan"]
[WhiteElo "1159"]
[WhiteTeam "Watford Juniors B"]
[Black "Cann, Arthur"]
[BlackElo "1203"]
[BlackTeam "Harrow Juniors C"]
[Result "1/2-1/2"]
[PlyCount "146"]

1. e4 e6 2. d4 Nf6 3. Nc3 Bb4 4. Bd3 O-O 5. Ne2 Nc6 6. O-O Bxc3 7. bxc3 d5 8. e5 Ne8 9. Bf4 f6 10. Qd2 fxe5 11. dxe5 Rf5 12. Bxf5 exf5 13. Ng3 Qe7 14. Rfe1 Be6 15. Qd3 Rd8 16. Nxf5 Bxf5 17. Qxf5 d4 18. c4 Na5 19. Qd3 Qf7 20. Be3 Qxc4 21. Qxc4+ Nxc4 22. Bf4 d3 23. cxd3 Rxd3 24. e6 c6 25. Rad1 Rxd1 26. Rxd1 h6 27. Rd8 Kf8 28. Rb8 b6 29. Be3 c5 30. Ra8 a5 31. Rb8 Ke7 32. Kf1 Nf6 33. Ke2 Kxe6 34. Kd3 Ne5+ 35. Kc3 Nd5+ 36. Kb3 c4+ 37. Kc2 Nb4+ 38. Kd2 Nd7 39. Rb7 Nxa2 40. Bxb6 c3+ 41. Kc2 Nxb6 42. Rxb6+ Ke5 43. Rb5+ Ke4 44. Rxa5 Nb4+ 45. Kb3 c2 46. Kb2 Kd3 47. Kc1 Kc3 48. Rc5+ Kb3 49. Rb5 Kc3 50. Rxb4 Kxb4 51. Kxc2 Kc4 52. Kd2 Kd4 53. Ke2 Ke4 54. f3+ Kf4 55. g3+ Kf5 56. Ke3 g5 57. h3 h5 58. g4+ hxg4 59. hxg4+ Kg6 60. Ke4 Kf6 61. f4 gxf4 62. Kxf4 Kg6 63. g5 Kg7 64. Kf5 Kg8 65. Kf6 Kf8 66. g6 Kg8 67. Kg5 Kg7 68. Kf5 Kg8 69. Kf6 Kf8 70. Kg5 Kg7 71. Kh5 Kg8 72. Kh6 Kh8 73. Kg5 Kg7 {[W: 0:03:45; B: 0:05:35]} 1/2-1/2

[Event "Junior Online 4NCL Division 2"]
[Site "online"]
[Date "2021.04.01"]
[EventDate "2021.04.01"]
[Round "6.95"]
[White "Tathare, Rohan"]
[WhiteElo "1338"]
[WhiteTeam "Watford Juniors B"]
[Black "Grahame, Austin"]
[BlackElo "1375"]
[BlackTeam "Harrow Juniors C"]
[Result "1-0"]
[PlyCount "47"]

1. e4 c5 2. Nc3 d6 3. f4 Nc6 4. Bc4 a6 5. a4 e6 6. Nf3 Nge7 7. O-O d5 8. exd5 Nxd5 9. Bxd5 exd5 10. Re1+ Be6 11. d4 Qf6 12. Nxd5 Qd8 13. Nc3 cxd4 14. Ne2 Bg4 15. Nexd4+ Be7 16. Nxc6 bxc6 17. Qe2 Bxf3 18. Qxf3 Qb6+ 19. Be3 Qxb2 20. Qxc6+ Kd8 21. Qxa8+ Kc7 22. Qxh8 Bf6 23. Rad1 g6 24. Qe8 {[W: 0:05:36; B: 0:02:26]} 1-0

[Event "Junior Online 4NCL Division 2"]
[Site "online"]
[Date "2021.04.01"]
[EventDate "2021.04.01"]
[Round "6.96"]
[White "Benhamou, Nathan"]
[WhiteElo "1345"]
[WhiteTeam "Harrow Juniors C"]
[Black "Manouvel, Maelys"]
[BlackElo "1250"]
[BlackTeam "Watford Juniors B"]
[Result "0-1"]
[PlyCount "152"]

1. b3 e5 2. Bb2 Nc6 3. e3 d5 4. Bb5 Bd7 5. Bxc6 Bxc6 6. Bxe5 Nf6 7. f4 Be7 8. Nf3 O-O 9. O-O a6 10. d3 b5 11. Nbd2 Ng4 12. h3 Nxe3 13. Qe2 Nxf1 14. Rxf1 Bd6 15. Nd4 Qd7 16. Nxc6 Qxc6 17. Bxd6 Qxd6 18. f5 Rfe8 19. Qf2 Qf6 20. Qg3 Re5 21. Qg4 Rae8 22. h4 Re1 23. Rxe1 Rxe1+ 24. Kf2 Re5 25. Nf3 Rxf5 26. Qg3 Qd4+ 27. Ke2 Qc5 28. d4 Qxc2+ 29. Nd2 Qc6 30. h5 Qe6+ 31. Kd3 Rxh5 32. Qxc7 Qg6+ 33. Kc3 h6 34. Qd8+ Kh7 35. Qe7 Qxg2 36. Qxf7 Rh3+ 37. Kc2 Qg6+ 38. Qxg6+ Kxg6 39. Nf1 Rh1 40. Ng3 Rg1 41. Ne2 Rg2 42. Kd3 Rg4 43. Nc3 h5 44. Nxd5 h4 45. Ne3 Rg3 46. d5 Kf6 47. Ke4 Kf7 48. d6 Ke8 49. Nf5 Rg1 50. Nxh4 Rg4+ 51. Kf5 Rxh4 52. Kg6 Rg4+ 53. Kf5 Rg1 54. Ke6 g5 55. d7+ Kd8 56. a4 bxa4 57. bxa4 g4 58. Kf5 g3 59. Kf4 g2 60. Kf3 Ra1 61. Kxg2 Rxa4 62. Kf2 Rc4 63. Ke2 a5 64. Kd3 Rc7 65. Kd2 a4 66. Kd3 a3 67. Kd4 a2 68. Ke5 a1=Q+ 69. Ke6 Qe1+ 70. Kd6 Qe7+ 71. Kd5 Qxd7+ 72. Ke5 Rc6 73. Kf4 Re6 74. Kf5 Qf7+ 75. Kg5 Rg6+ 76. Kh5 Qh7# {[W: 0:08:42; B: 0:02:16]} 0-1

[Event "Junior Online 4NCL Division 2"]
[Site "online"]
[Date "2021.04.01"]
[EventDate "2021.04.01"]
[Round "6.97"]
[White "Demyan, Leo"]
[WhiteElo "1178"]
[WhiteTeam "Watford Juniors B"]
[Black "Laza, Andrei"]
[BlackElo "1248"]
[BlackTeam "Harrow Juniors C"]
[Result "1-0"]
[PlyCount "39"]

1. d4 Nf6 2. c4 c5 3. Nf3 b6 4. e3 Bb7 5. Be2 g6 6. Nc3 Bg7 7. Bd2 O-O 8. O-O d6 9. Bd3 Nbd7 10. Ne2 d5 11. cxd5 Nxd5 12. h4 e5 13. Qc2 Rc8 14. dxe5 Nxe5 15. Nxe5 Bxe5 16. g3 Nb4 17. Bxb4 cxb4 18. Qd1 Qd5 19. f3 Bxb2 20. Rb1 {Time forfeit} {[W: 0:00:42; B: 0:01:45]} 1-0

[Event "Junior Online 4NCL Division 2"]
[Site "online"]
[Date "2021.04.01"]
[EventDate "2021.04.01"]
[Round "6.98"]
[White "Cann, Arthur"]
[WhiteElo "1203"]
[WhiteTeam "Harrow Juniors C"]
[Black "Chadha, Ishaan"]
[BlackElo "1159"]
[BlackTeam "Watford Juniors B"]
[Result "0-1"]
[PlyCount "42"]

1. d4 d5 2. c4 e6 3. Nf3 Nc6 4. Nc3 Nf6 5. cxd5 exd5 6. b3 Bb4 7. Bb2 O-O 8. a3 Ba5 9. b4 Bb6 10. Qc2 Qd7 11. Ng5 Nxd4 12. Qd3 Qf5 13. Qxf5 Bxf5 14. e3 Nb3 15. Rd1 Rad8 16. Bd3 Bxd3 17. Rxd3 c5 18. Na4 c4 19. Bxf6 gxf6 20. Nxb6 axb6 21. Rd4 Nxd4 {[W: 0:08:23; B: 0:08:21]} 0-1

[Event "Junior Online 4NCL Division 2"]
[Site "online"]
[Date "2021.04.01"]
[EventDate "2021.04.01"]
[Round "6.101"]
[White "Bridson, Ewan"]
[WhiteElo "1431"]
[WhiteTeam "Ojays D"]
[Black "Heard, Tom"]
[BlackElo "1453"]
[BlackTeam "KJCA Young Kestrels F"]
[Result "1-0"]
[PlyCount "67"]

1. e4 e5 2. Nf3 Nc6 3. Bc4 Nf6 4. O-O Nxe4 5. Nc3 d5 6. Bxd5 Nxc3 7. dxc3 Bd6 8. Bg5 Ne7 9. Re1 Bg4 10. Bxb7 Rb8 11. Bc6+ Bd7 12. Bxd7+ Qxd7 13. Nxe5 Qb5 14. Nf3 Rd8 15. Qe2 Qd7 16. Rad1 f6 17. Bh4 O-O 18. Qc4+ Kh8 19. Kh1 Ng6 20. Bg3 Rfe8 21. Rxe8+ Qxe8 22. Bxd6 Rxd6 23. Rxd6 cxd6 24. h3 h6 25. Qa6 Qb8 26. b4 Nf4 27. Qc4 g5 28. a4 a5 29. b5 Qb6 30. Qd4 Qd8 31. b6 Ne6 32. Qc4 Nf4 33. b7 Qb8 34. Qc8+ {[W: 0:00:58; B: 0:02:25]} 1-0

[Event "Junior Online 4NCL Division 2"]
[Site "online"]
[Date "2021.04.01"]
[EventDate "2021.04.01"]
[Round "6.102"]
[White "Nguyen, Ryan"]
[WhiteElo "1508"]
[WhiteTeam "KJCA Young Kestrels F"]
[Black "Beneat, Frederick"]
[BlackElo "1339"]
[BlackTeam "Ojays D"]
[Result "1-0"]
[PlyCount "103"]

1. e4 c5 2. c3 e6 3. d4 d5 4. Bd3 c4 5. Bc2 Nf6 6. e5 Nfd7 7. Nf3 g6 8. O-O Bg7 9. Be3 O-O 10. Qd2 Nc6 11. Bh6 b5 12. Bxg7 Kxg7 13. a3 a6 14. Re1 Bb7 15. Re3 Ne7 16. Ne1 Rh8 17. Rh3 h5 18. Qf4 Ng8 19. Rf3 Qe7 20. Re3 Nh6 21. h3 Raf8 22. Nd2 f5 23. Nef3 Nf7 24. h4 Nh6 25. Qg5 Qxg5 26. Nxg5 Re8 27. a4 Bc6 28. axb5 Bxb5 29. Ba4 Nb6 30. Bxb5 axb5 31. Ra6 Na4 32. Rxe6 Rxe6 33. Nxe6+ Kf7 34. Ng5+ Ke7 35. e6 Nxb2 36. Re5 Rd8 37. Nb1 Ng4 38. Re2 Nd3 39. Na3 Ra8 40. Nc2 Ra2 41. f3 Nf6 42. Kf1 Nf4 43. Rd2 Ra6 44. Nb4 Rb6 45. Kf2 Nxe6 46. Re2 Kd7 47. Nxe6 Rxe6 48. Ra2 Kc8 49. Ra5 Rb6 50. Ke3 Ne8 51. Kf4 Ng7 52. Kg5 {Time forfeit} {[W: 0:00:13; B: 0:00:07]} 1-0

[Event "Junior Online 4NCL Division 2"]
[Site "online"]
[Date "2021.04.01"]
[EventDate "2021.04.01"]
[Round "6.103"]
[White "Wang, Yile"]
[WhiteElo "1323"]
[WhiteTeam "Ojays D"]
[Black "Shkuratovskyi, Artemiy"]
[BlackElo "1455"]
[BlackTeam "KJCA Young Kestrels F"]
[Result "0-1"]
[PlyCount "144"]

1. e4 d5 2. exd5 Qxd5 3. Nc3 Qa5 4. d4 c6 5. Nf3 Bg4 6. Bc4 Nf6 7. h3 Bxf3 8. Qxf3 e6 9. O-O Nbd7 10. Re1 Bd6 11. d5 cxd5 12. Bxd5 Nxd5 13. Qxd5 Qxd5 14. Nxd5 O-O 15. Nc3 Rfd8 16. Be3 b6 17. Rad1 Bc5 18. Bxc5 Nxc5 19. b4 Na6 20. a3 Nc7 21. g3 Kf8 22. Kg2 Ke7 23. h4 g6 24. Kh3 Rxd1 25. Rxd1 Rd8 26. Rxd8 Kxd8 27. Ne4 Ke7 28. Kg4 h6 29. Kf3 f6 30. g4 Nd5 31. Ke2 f5 32. gxf5 exf5 33. Nd2 Kd6 34. Nc4+ Ke6 35. Kf3 g5 36. hxg5 hxg5 37. Ke2 Nc3+ 38. Kd3 Nb5 39. Ke3 Kd5 40. Kd3 g4 41. Ne3+ Ke5 42. Nc4+ Kf4 43. Ke2 Nd4+ 44. Kd3 b5 45. Ne3 Nc6 46. Nd1 Ne5+ 47. Ke2 g3 48. fxg3+ Kxg3 49. Kf1 f4 50. Nb2 f3 51. Nd1 Nc4 52. Nc3 Nxa3 53. Ne4+ Kf4 54. Nc3 a6 55. Nd5+ Ke4 56. Nf6+ Ke3 57. Nd5+ Kd4 58. Nf4 Nxc2 59. Kf2 Nxb4 60. Kxf3 a5 61. Ke2 Nd5 62. Nd3 Nc3+ 63. Kd2 b4 64. Nb2 a4 65. Kc2 b3+ 66. Kc1 a3 67. Nd1 Nxd1 68. Kxd1 a2 69. Kc1 a1=Q+ 70. Kd2 b2 71. Kc2 b1=Q+ 72. Kd2 Qaa2# {[W: 0:04:39; B: 0:12:06]} 0-1

[Event "Junior Online 4NCL Division 2"]
[Site "online"]
[Date "2021.04.01"]
[EventDate "2021.04.01"]
[Round "6.104"]
[White "Luo, Yifan"]
[WhiteElo "1422"]
[WhiteTeam "KJCA Young Kestrels F"]
[Black "McAndrew, Rory"]
[BlackElo "1322"]
[BlackTeam "Ojays D"]
[Result "1-0"]
[PlyCount "83"]

1. d4 d5 2. c4 Nf6 3. Nf3 Bg4 4. h3 Bf5 5. e3 e6 6. cxd5 exd5 7. Bd3 Bb4+ 8. Nc3 Bxd3 9. Qxd3 Nc6 10. O-O h5 11. a3 Bxc3 12. bxc3 Ng4 13. hxg4 hxg4 14. Qf5 gxf3 15. Qxf3 Qh4 16. Qh3 Qxh3 17. gxh3 Rxh3 18. Kg2 Rh5 19. Bd2 Rg5+ 20. Kf3 Rf5+ 21. Kg4 Rf6 22. Rh1 O-O-O 23. Rh7 Rg6+ 24. Kf3 Rdd6 25. Ke2 Na5 26. Rf1 Nc4 27. a4 Ra6 28. Ra1 Na5 29. Rh5 c6 30. Kd3 Nb3 31. Ra3 Na5 32. Ra2 Rg2 33. Be1 Rg1 34. Bd2 Rd1 35. e4 Nb3 36. exd5 cxd5 37. Ke2 Nc1+ 38. Kxd1 Nxa2 39. Rxd5 Rxa4 40. Rc5+ Kb8 41. Bf4+ Ka8 42. Rc8# {[W: 0:04:21; B: 0:07:40]} 1-0

[Event "Junior Online 4NCL Division 2"]
[Site "online"]
[Date "2021.04.01"]
[EventDate "2021.04.01"]
[Round "6.105"]
[White "Heard, Tom"]
[WhiteElo "1453"]
[WhiteTeam "KJCA Young Kestrels F"]
[Black "Bridson, Ewan"]
[BlackElo "1431"]
[BlackTeam "Ojays D"]
[Result "0-1"]
[PlyCount "40"]

1. e4 e5 2. Nf3 Nf6 3. Nxe5 Nc6 4. Nxc6 dxc6 5. d3 Bc5 6. Be2 h5 7. Nc3 Ng4 8. Bxg4 Bxg4 9. f3 Qd4 10. Qe2 Be6 11. Bd2 O-O-O 12. O-O-O Kb8 13. Kb1 Rhe8 14. f4 f5 15. Qxh5 fxe4 16. dxe4 Bb4 17. Rhe1 Qc4 18. a3 Bxc3 19. Bxc3 Qa2+ 20. Kc1 Qa1# {[W: 0:08:08; B: 0:04:43]} 0-1

[Event "Junior Online 4NCL Division 2"]
[Site "online"]
[Date "2021.04.01"]
[EventDate "2021.04.01"]
[Round "6.106"]
[White "Beneat, Frederick"]
[WhiteElo "1339"]
[WhiteTeam "Ojays D"]
[Black "Nguyen, Ryan"]
[BlackElo "1508"]
[BlackTeam "KJCA Young Kestrels F"]
[Result "0-1"]
[PlyCount "104"]

1. c4 e5 2. e3 Nf6 3. d4 exd4 4. exd4 b6 5. Nf3 Bb7 6. Be3 Be7 7. Be2 O-O 8. O-O d5 9. b3 Ne4 10. Bd3 Re8 11. Bxe4 dxe4 12. Nfd2 Bf6 13. Nc3 Bxd4 14. Bxd4 Qxd4 15. Qc2 e3 16. Nf3 Bxf3 17. gxf3 exf2+ 18. Rxf2 Nc6 19. Rd1 Qf6 20. Nd5 Qe5 21. Rg2 Nd4 22. Qf2 c5 23. Qg3 Qxg3 24. Rxg3 Ne2+ 25. Kf2 Nxg3 26. hxg3 Rad8 27. Rh1 h6 28. Rh4 Kh7 29. Rf4 f6 30. Rh4 Re5 31. Rh1 Rexd5 32. cxd5 Rxd5 33. Ke3 Re5+ 34. Kd3 Rd5+ 35. Ke3 Kg6 36. f4 Kf5 37. Rg1 Kg6 38. Rc1 Rd4 39. g4 a5 40. Rh1 a4 41. Rb1 axb3 42. Rxb3 Rb4 43. Rxb4 cxb4 44. Kd4 b5 45. Kc5 f5 46. gxf5+ Kxf5 47. Kxb5 h5 48. Kxb4 h4 49. a4 h3 50. a5 h2 51. a6 h1=Q 52. a7 Qa8 {[W: 0:05:23; B: 0:00:43]} 0-1

[Event "Junior Online 4NCL Division 2"]
[Site "online"]
[Date "2021.04.01"]
[EventDate "2021.04.01"]
[Round "6.107"]
[White "Shkuratovskyi, Artemiy"]
[WhiteElo "1455"]
[WhiteTeam "KJCA Young Kestrels F"]
[Black "Wang, Yile"]
[BlackElo "1323"]
[BlackTeam "Ojays D"]
[Result "0-1"]
[PlyCount "128"]

1. d4 d5 2. c4 c6 3. Nc3 Nf6 4. Bg5 e6 5. e3 Nbd7 6. cxd5 cxd5 7. Bb5 a6 8. Ba4 b5 9. Bc2 h6 10. Bh4 Bd6 11. Nf3 e5 12. dxe5 Nxe5 13. Bxf6 Qxf6 14. Nxe5 Bxe5 15. Nxd5 Qd6 16. Rb1 Bb7 17. e4 Rd8 18. Bb3 a5 19. a3 a4 20. Ba2 O-O 21. O-O Bxh2+ 22. Kh1 Be5 23. f4 Qg6 24. fxe5 Qh5+ 25. Kg1 Qxe5 26. Qg4 Qd4+ 27. Kh1 Bxd5 28. Bxd5 Rxd5 29. Rfd1 Rg5 30. Qxg5 Qxd1+ 31. Rxd1 hxg5 32. Rd5 f6 33. Rxb5 Re8 34. Rb4 Ra8 35. Kg1 Kf7 36. Kf2 Ke6 37. g4 Ke5 38. Ke3 g6 39. Rb5+ Ke6 40. Kd4 Rd8+ 41. Rd5 Rxd5+ 42. exd5+ Kd6 43. Kc4 f5 44. gxf5 gxf5 45. Kb4 f4 46. Kxa4 f3 47. b4 f2 48. b5 f1=Q 49. b6 Qa6+ 50. Kb4 Qxb6+ 51. Ka4 Qd4+ 52. Kb5 Qc5+ 53. Ka4 Kxd5 54. Kb3 Qc3+ 55. Ka2 g4 56. a4 g3 57. a5 g2 58. a6 Qa5+ 59. Kb2 g1=Q 60. Kb3 Qgb6+ 61. Kc2 Qd4 62. Kb3 Qc4+ 63. Kb2 Qab5+ 64. Ka1 Qca4# {[W: 0:12:03; B: 0:09:45]} 0-1

[Event "Junior Online 4NCL Division 2"]
[Site "online"]
[Date "2021.04.01"]
[EventDate "2021.04.01"]
[Round "6.108"]
[White "McAndrew, Rory"]
[WhiteElo "1322"]
[WhiteTeam "Ojays D"]
[Black "Luo, Yifan"]
[BlackElo "1422"]
[BlackTeam "KJCA Young Kestrels F"]
[Result "1-0"]
[PlyCount "39"]

1. e4 c5 2. Nf3 e6 3. Bc4 d5 4. exd5 exd5 5. Bb5+ Bd7 6. Bxd7+ Nxd7 7. Nc3 Ngf6 8. d4 cxd4 9. Qxd4 Bc5 10. Qd2 O-O 11. Nxd5 Re8+ 12. Ne3 Bxe3 13. fxe3 Nb6 14. Qf2 Ng4 15. Qg3 Nxe3 16. Rb1 Nxc2+ 17. Kf2 Nc4 18. Bh6 Qb6+ 19. Be3 Qh6 20. Bxh6 {[W: 0:06:16; B: 0:06:26]} 1-0

[Event "Junior Online 4NCL Division 2"]
[Site "online"]
[Date "2021.04.01"]
[EventDate "2021.04.01"]
[Round "6.111"]
[White "Nukalapati, Sarthak"]
[WhiteElo "1470"]
[WhiteTeam "St John's College B"]
[Black "Goswami, Pratyush"]
[BlackElo "1238"]
[BlackTeam "Rhodes Avenue Bishops"]
[Result "1-0"]
[PlyCount "71"]

1. e4 c5 2. c3 Nc6 3. d4 cxd4 4. cxd4 d5 5. e5 g6 6. Nf3 Bg4 7. Nbd2 a6 8. h3 Bf5 9. Nb3 Nb4 10. g4 Be4 11. Nc5 Bxf3 12. Qb3 Bxh1 13. Qxb4 Qc7 14. Nxb7 Rb8 15. Bxa6 Rxb7 16. Bxb7 Qd7 17. Qb6 e6 18. Bc6 Bb4+ 19. Kf1 Ne7 20. Bxd7+ Kxd7 21. Qxb4 Rc8 22. Qd6+ Ke8 23. Bg5 Ng8 24. Qa6 Rc2 25. Qa8+ Kd7 26. Qd8+ Kc6 27. Qc8+ Kb6 28. Qxc2 Be4 29. Bd8+ Kb7 30. Qc7+ Ka8 31. Qa5+ Kb7 32. Rc1 Bd3+ 33. Kg1 Ba6 34. Rc7+ Kb8 35. Qb6+ Ka8 36. Qa7# {[W: 0:04:33; B: 0:00:22]} 1-0

[Event "Junior Online 4NCL Division 2"]
[Site "online"]
[Date "2021.04.01"]
[EventDate "2021.04.01"]
[Round "6.112"]
[White "Groshong, William"]
[WhiteElo "1154"]
[WhiteTeam "Rhodes Avenue Bishops"]
[Black "Jaberansari, Benjamin"]
[BlackElo "1359"]
[BlackTeam "St John's College B"]
[Result "0-1"]
[PlyCount "122"]

1. c4 d5 2. cxd5 Nf6 3. g3 Nxd5 4. Nc3 Nxc3 5. bxc3 Nc6 6. Bg2 e5 7. d3 Bc5 8. Nf3 O-O 9. O-O Bg4 10. Be3 Bxe3 11. fxe3 Re8 12. Qd2 e4 13. dxe4 Qxd2 14. Nxd2 Bxe2 15. Rf2 Bd3 16. h4 h5 17. Rc1 Rad8 18. c4 Ne5 19. Rc3 Ng4 20. Rf3 Bxe4 21. Nxe4 Rxe4 22. Rxf7 Rd1+ 23. Bf1 Kxf7 24. Kg2 Nxe3+ 25. Kf3 Re6 26. Bh3 Ng4 27. Bxg4 hxg4+ 28. Kxg4 Rd4+ 29. Kh3 Rc6 30. Rf3+ Kg8 31. Rb3 b6 32. g4 Rcxc4 33. Rg3 Ra4 34. a3 c5 35. h5 b5 36. Kh4 Rd5 37. Re3 b4 38. axb4 cxb4 39. Rb3 a5 40. g5 Rd4+ 41. Kg3 Kh7 42. Kf3 Ra3 43. Rxa3 bxa3 44. Ke3 Rh4 45. Kf3 Rxh5 46. Kg4 Rxg5+ 47. Kxg5 a2 48. Kf5 a1=Q 49. Kg5 a4 50. Kf4 a3 51. Kg5 a2 52. Kh5 Qh1+ 53. Kg5 a1=Q 54. Kg4 Qag1+ 55. Kf4 Qhh2+ 56. Ke4 Qhf2 57. Ke5 Qge1+ 58. Kd5 Qfd2+ 59. Kc4 Qec1+ 60. Kb3 Qdb2+ 61. Ka4 Qca1# {[W: 0:07:13; B: 0:05:12]} 0-1

[Event "Junior Online 4NCL Division 2"]
[Site "online"]
[Date "2021.04.01"]
[EventDate "2021.04.01"]
[Round "6.113"]
[White "Shahameeran, Ashika"]
[WhiteElo "1261"]
[WhiteTeam "St John's College B"]
[Black "Gelmini, Gabriel"]
[BlackElo "1151"]
[BlackTeam "Rhodes Avenue Bishops"]
[Result "1-0"]
[PlyCount "51"]

1. e4 c5 2. d4 cxd4 3. c3 dxc3 4. Nxc3 e6 5. Nf3 Nc6 6. Bc4 Nf6 7. O-O Bc5 8. Bg5 h6 9. Bh4 Be7 10. e5 Ng4 11. Bxe7 Qxe7 12. Re1 Qc5 13. Ne4 Qxc4 14. Nd6+ Kf8 15. Nxc4 h5 16. Qd6+ Ke8 17. Qc5 Kd8 18. Ng5 Nh6 19. Nd6 b6 20. Qc3 Rf8 21. Red1 f6 22. exf6 Rxf6 23. Nde4 Rg6 24. Qxc6 Rb8 25. Nxe6+ Rxe6 26. Qxe6 {[W: 0:01:57; B: 0:01:43]} 1-0

[Event "Junior Online 4NCL Division 2"]
[Site "online"]
[Date "2021.04.01"]
[EventDate "2021.04.01"]
[Round "6.114"]
[White "Bevan, Alexander"]
[WhiteElo "1049"]
[WhiteTeam "Rhodes Avenue Bishops"]
[Black "Sequeira, Robert"]
[BlackElo "1308"]
[BlackTeam "St John's College B"]
[Result "1-0"]
[PlyCount "189"]

1. e4 e5 2. Nf3 Nc6 3. Nc3 Nf6 4. Bc4 Nxe4 5. Nxe4 d5 6. Bxd5 Qxd5 7. d3 Be7 8. O-O O-O 9. Be3 Bg4 10. Qe2 Bd6 11. Rfe1 f5 12. Nc3 Qf7 13. h3 Bh5 14. Rad1 f4 15. Bd2 Rae8 16. a3 Nd4 17. Qe4 Nxf3+ 18. gxf3 c6 19. Kh2 Bg6 20. Qe2 Qf5 21. Qe4 Qe6 22. Qc4 Qxc4 23. dxc4 Bxc2 24. Rc1 Bg6 25. Ne4 Bxe4 26. fxe4 f3 27. Re3 Bc5 28. Rb3 Bxf2 29. Rxb7 Bb6 30. Rf1 f2 31. Rd7 Rd8 32. Rxd8 Rxd8 33. Bg5 Rd7 34. Kg2 h6 35. Bc1 h5 36. b4 a6 37. c5 Ba7 38. Rxf2 Rd4 39. Re2 Rd1 40. Bb2 Bb8 41. Rf2 Rd7 42. Rf5 Re7 43. Rxh5 g6 44. Rg5 Kg7 45. Kf3 Kf6 46. Rg4 Rd7 47. Rg2 Rd3+ 48. Kg4 Re3 49. Rf2+ Ke6 50. Kg5 Rg3+ 51. Kh4 Re3 52. Kg5 Rxh3 53. Kxg6 Rg3+ 54. Kh6 Re3 55. Rf8 Bc7 56. Rc8 Kf6 57. Kh5 Rh3+ 58. Kg4 Rh7 59. Ra8 Rg7+ 60. Kh3 Rh7+ 61. Kg3 Rg7+ 62. Kf3 Rd7 63. Rxa6 Ke7 64. Rxc6 Bb8 65. Rb6 Bc7 66. Rc6 Bb8 67. a4 Rd3+ 68. Ke2 Rd7 69. a5 Rb7 70. Rb6 Rxb6 71. cxb6 Kd7 72. Kd3 Kc6 73. Kc4 Kb7 74. Kb5 Bd6 75. a6+ Kb8 76. a7+ Kb7 77. Bc3 Be7 78. a8=Q+ Kxa8 79. Kc6 Kb8 80. b7 Bd8 81. Bxe5+ Ka7 82. b5 Bb6 83. Bc3 Bg1 84. Kc7 Bh2+ 85. Kc6 Bb8 86. b6+ Ka6 87. e5 Bxe5 88. Bxe5 Ka5 89. b8=Q Kb4 90. Qd6+ Kb3 91. Qd3+ Kb4 92. Qd4+ Kb3 93. b7 Kc2 94. b8=Q Kc1 95. Qbb2# {[W: 0:00:19; B: 0:00:32]} 1-0